000
00488nam a2200181Ia 4500
008
090124s9999 xx 000 0 und d
082
_b
27012
100
_a
शेवते अरूण
245
_a
राजघाट
250
_a
1
260
_b
सुरेश एजन्सी
_c
1988
300
_a
69
600
_a
शेवते अरूण
630
_a
राजघाट
700
_a
शेवते अरूण
730
_a
राजघाट
942
_c
BOOK
999
_c
95687
_d
95687